000 01069cam a2200241 4500
001 ABS63512
008 000000n2001 000 0 eng u
035 _a(Sirsi) u110449
100 _aKemp, P.
245 _aMovement into and out of the private rental sector in England
260 _c2001
490 _aHousing Studies
_v16(1) January 2001, 21-37(17)
520 _aUsing data taken from the 1996-97 survey of English housing this paper considers the reasons tenants enter and leave the private rental sector, traditionally seen as the lowest rung of the property ladder, and discusses what causes a significant number of households to return to the sector. The implications of this for the role of private renting in England are also debated. Includes statistical data and references.
590 _aABS
650 _aPRIVATE RENTED SECTOR
650 _aRESIDENTIAL MOBILITY
650 _aSURVEY OF ENGLISH HOUSING
650 _aTENANTS
650 _aTENURE PATTERNS
690 _aHOUSING-PRIVATE RENTED SECTOR
700 _aKeoghan, M.
942 _n0
999 _c65851
_d65851